000 01184cam a22003134a 4500
001 11886792
003 OSt
005 20170105101203.0
008 000111s2001 caua b 001 0 eng
010 _a 00021365
020 _a0767410637
040 _aDLC
_cDLC
_dDLC
042 _apcc
050 0 0 _aBF76.5
_b.C67 2001
082 0 0 _a150/.7/2
_221
100 1 _aCozby, Paul C.
245 1 0 _aMethods in behavioral research /
_cPaul C. Cozby.
250 _a7th ed.
260 _aMountain View, Calif. :
_bMayfield Pub. Co.,
_cc2001.
300 _axiii, 370 p. :
_bill. ;
_c23 cm.
504 _aIncludes bibliographical references (p. 353-363) and index.
650 0 _aPsychology
_xResearch
_xMethodology.
650 0 _aSocial sciences
_xResearch
_xMethodology.
856 4 2 _3Publisher description
_uhttp://www.loc.gov/catdir/description/mh024/00021365.html
856 4 1 _3Table of contents
_uhttp://www.loc.gov/catdir/toc/mh023/00021365.html
906 _a7
_bcbc
_corignew
_d1
_eocip
_f20
_gy-gencatlg
942 _2ddc
_cBK
999 _c2886
_d2886